Words containing the letters cc - Statistics

General Stats
  • This quiz has been taken 592 times
  • The average score is 12 of 20
Answer Stats
Hint Answer % Correct
M Holy city for Muslims Mecca
92%
A Blame or call someone guilty of a crime Accuse
90%
S David Beckham's sport Soccer
88%
A Gas pedal Accelorator
87%
C Tailbone -- bone at the base of the spine Coccyx
80%
O Opposite of orient Occident
75%
O Special event to dress up for Occasion
72%
V Inoculate or immunise Vaccinate
69%
A Local drawl or brogue Accent
66%
E Unusual or unconventional person Eccentric
64%
A Somewhere to stay Accommodation
63%
S Delicious, Luscious, tender and moist Succulent
63%
S Artificial Sweetener Saccharine
48%
Z American word for courgette Zucchini
47%
T Plant species within the genus Nicotiana Tobacco
44%
R _____ Ritchie, Madonna's son Rocco
40%
F Flat ribbon-like pasta Fettuccine
34%
S Help, support and comfort Succour
26%
S Mediterranean wind that blows from the Sahara Sirocco
23%
P Spiced mustard pickle Piccalilli
13%
No matching quizzes found
Score Distribution
Percent of People with Each Score
Percentile by Number Answered
Your Score History
You have not taken this quiz